The Lewis and Clark trail : an interim report to the President and to the Congress /
Saved in:
| Corporate Author: | |
|---|---|
| Format: | Book |
| Language: | English |
| Published: |
[Washington :
The Commission,
1966]
|
| Subjects: | |
| Tags: |
Add Tag
No Tags, Be the first to tag this record!
|
| LEADER | 00771cam a2200229Ia 4500 | ||
|---|---|---|---|
| 001 | 009786567-2 | ||
| 005 | 20051026113220.0 | ||
| 008 | 771011s1966 dcuab f000 0 eng | ||
| 010 | |a 67060159 | ||
| 035 | 0 | |a ocm03333876 | |
| 040 | |a DLC |c GJG |d DPL |d OCLCQ |d VIC |d OCLCQ | ||
| 050 | 0 | |a F592.7 |b .U54 | |
| 086 | 0 | |a Y 3. L 58:2 L 58 | |
| 110 | 1 | |a United States. |b Lewis and Clark Trail Commission. | |
| 245 | 1 | 4 | |a The Lewis and Clark trail : |b an interim report to the President and to the Congress / |c by the Lewis and Clark Trail Commission. |
| 260 | |a [Washington : |b The Commission, |c 1966] | ||
| 300 | |a 24 p. : |b ill., maps ; |c 30 cm. | ||
| 500 | |a Maps on lining paper. | ||
| 651 | 0 | |a Lewis and Clark National Historic Trail. | |
| 988 | |a 20051026 | ||
| 049 | |a HLSS | ||
| 906 | |0 DLC | ||


